000 01472nem a2200241 i 4500
001 33206
003 ES-MaACL
005 20230906154721.0
007 t|
008 160830s1986 sp | |0|1||spa d
245 0 0 _aMapa litológico de Madrid [
_hMaterial cartográfico] /
_cautores, Alfonso González Ubanell, Javier de Pedraza Gilsanz, Juan de Dios Centeno Carrillo y Santiago González Alonso; colaboradores, Pilar Carretero Carrero ... [et al.] ; cartografía, Rhea Consultores.
255 _aEscala 1:200000 ;
_bproyec. U.T.M. (Huso 30), elipsoide internacional, Datum europeo.
260 _aMadrid :
_bComunidad, Consejería de Agricultura y Ganadería,
_c1986.
300 _a1 mapa :
_bcol. ;
_c79 x 74 cm +
_e1 memoria (48 p.)
500 _aEste mapa es una síntesis de los mapas a escala 1:50.000 elaborados como parte del trabajo "Diseño metodológico, codificación y mapas temáticos de Madrid", realizado para la Comunidad de Madrid durante los años 1982 a 1984.
592 _aMárgenes graduados. - Relieve por curvas de nivel, equidistancia de las curvas 100 metros. - Altitudes referidas al nivel medio del Mediterráneo en Alicante.
594 _aBase geográfica, Instituto Geográfico Nacional.
650 4 _aRocas-
_zMadrid (Comunidad Autónoma)-
_vMapas.
_9160621
700 0 _aGonzález Ubanell, Alfonso.
_958992
700 0 _aPedraza, Javier.
_989886
700 1 _aCenteno Carrillo, Juan de Dios.
_9160622
852 _aES-MaACL
_j2138-F-12
999 _c33206
_d33206